000 00416nam a2200169Ia 4500
008 230711s9999||||xx |||||||||||||| ||und||
041 _aENG
082 _a624
_bGU-G
100 _aDatta,ManojĀ 
245 0 _aGeotechnical engineering
250 _a1st . Ed.
260 _c2005
_aNew Delhi
_bTata McGraw Hill Education Limited
300 _a738
650 _aCivil Engineering
700 _aGulhati,S
942 _cBK
999 _c4643
_d4643